| 000 | 00518nam a2200181Ia 4500 | ||
|---|---|---|---|
| 999 |
_c30214 _d30214 |
||
| 003 | OSt | ||
| 005 | 20210104144337.0 | ||
| 008 | 190216s9999||||xx |||||||||||||| ||und|| | ||
| 020 | _a9789383399062 | ||
| 040 | _coclc | ||
| 082 |
_a894.812 _bPOK/A |
||
| 100 |
_aPokker, P K _98065 |
||
| 245 | 0 |
_aAdhunikotharathayude Keraleeya Parisaram / _cP K Pokker |
|
| 260 |
_bLead Books, _c2014. _aKozhikode: |
||
| 300 | _a191p | ||
| 650 | _aMalayalam | ||
| 942 |
_cBK _2ddc _h894.812 _iPOK/A _k894.812 _mPOK/A |
||